| 000 | 00617nam a2200157Ia 4500 | ||
|---|---|---|---|
| 008 | 210719s2007 xx 000 0 und d | ||
| 041 | _aeng | ||
| 082 | _a658.8 DSOP | ||
| 100 | _aDSOUZA (Joel) | ||
| 245 | _aPreferences and customer satisfaction towards computers with special reference to G S distributors | ||
| 260 |
_aMangalore _bDepartment of Business Management St Aloysius College _c2007 |
||
| 300 |
_a100 _bHB |
||
| 650 | _aManagement | ||
| 650 | _aProject Reports | ||
| 906 | _aand ; computers ; customer ; distributors ; G ; Preferences ; reference ; S ; satisfaction ; special ; ti ; to ; towards ; with | ||
| 999 |
_c214437 _d214437 |
||